Statistics for Premier League Winners Shirt Sponsors

Click here to take the quiz!

General Stats

  • This quiz has been taken 20 times
  • The average score is 16 of 26

Answer Stats

SeasonClubAnswer% Correct
2017-18Man CityEtihad
95%
2013-14Man CityEtihad
95%
2011-12Man CityEtihad
95%
2015-16LeicesterKing Power
95%
2006-07Man UtdAIG
84%
2008-09Man UtdAIG
84%
2007-08Man UtdAIG
84%
2014-15ChelseaSamsung
79%
2009-10ChelseaSamsung
79%
2005-06ChelseaSamsung
79%
2012-13Man UtdAON
58%
2010-11Man UtdAON
58%
2004-05ChelseaEmirates
58%
2003-04ArsenalO2
58%
2002-03Man UtdVodafone
58%
2000-01Man UtdVodafone
58%
1993-94Man UtdSharp
53%
1999-00Man UtdSharp
53%
1998-99Man UtdSharp
53%
1996-97Man UtdSharp
53%
1995-96Man UtdSharp
53%
1992-93Man UtdSharp
53%
1997-98ArsenalJVC
37%
2001-02ArsenalDreamcast
32%
2016-17ChelseaYokohama Tyres
26%
1994-95BlackburnMcewans
11%

Score Distribution

Percentile by Number Answered

Percent of People with Each Score

Your Score History

You have not taken this quiz